Podstawy żywienia człowieka /
সংরক্ষণ করুন:
| প্রধান লেখক: | |
|---|---|
| সংস্থা লেখক: | |
| অন্যান্য লেখক: | |
| বিন্যাস: | গ্রন্থ |
| ভাষা: | পোলিশ |
| প্রকাশিত: |
Warszawa :
Wydawnictwa Szkolne i Pedagogiczne,
[2005].
|
| সংস্করন: | Wyd. 13. |
| বিষয়গুলি: | |
| ট্যাগগুলো: |
কোনো ট্যাগ নেই, প্রথমজন হিসাবে ট্যাগ করুন!
|
MARC
| LEADER | 00000nam a2200000 i 4500 | ||
|---|---|---|---|
| 001 | 9910127396305606 | ||
| 005 | 20260515140228.0 | ||
| 008 | 050422s2005 pl a |000 0 pol | ||
| 020 | |a 8302028673 | ||
| 035 | |a 991026755459705066 | ||
| 035 | |a (PL-WaBN)b17266026-48omnis_nlop | ||
| 035 | |a b17266026 | ||
| 035 | |a (OCoLC)749933679 | ||
| 035 | |a zz2005966991 | ||
| 035 | |a (PL)b0000001726602 | ||
| 040 | |a WA N |c WA N |d WA N | ||
| 041 | 0 | |a pol | |
| 080 | |a 613.2:577.1](075.3.053.7) | ||
| 090 | |c 121 |d 120 | ||
| 100 | 1 | |a Flis, Krystyna | |
| 245 | 1 | 0 | |a Podstawy żywienia człowieka / |c Krystyna Flis, Wanda Konaszewska. |
| 250 | |a Wyd. 13. | ||
| 260 | |a Warszawa : |b Wydawnictwa Szkolne i Pedagogiczne, |c [2005]. | ||
| 300 | |a 225, [15] s., [1] k. tabl. złoż. : |b rys., wykr. ; |c 21 cm. | ||
| 500 | |a Dla kl. I i II szkoły zasadniczej, zawód - kucharz. Bibliogr. | ||
| 504 | |a Bibliogr. s. [227]. | ||
| 521 | 8 | |a Dla kl. I i II szkoły zasadniczej, zawód - kucharz. | |
| 650 | 7 | |a Zdrowe odżywianie | |
| 650 | 7 | |a Biochemia | |
| 650 | 7 | |a Żywność | |
| 700 | 1 | |a Konaszewska, Wanda | |
| 710 | 2 | |a Wydawnictwa Szkolne i Pedagogiczne | |
| 920 | |a 83-02-02867-3 | ||
| 942 | |c K | ||
| 952 | |0 0 |1 0 |4 0 |6 R__96_000000000000000 |7 0 |9 113 |a RYT |b RYT |d 2026-05-13 |e 1/2014 |g 10.00 |l 0 |o R.96 |p 2000000000961 |r 2026-05-15 14:02:28 |w 2026-05-15 |y BK |z da | ||
| 999 | |c 113 |d 113 | ||